| 000 | 00580cam a22002053a 4500 | ||
|---|---|---|---|
| 001 | 45092 | ||
| 003 | PGUSA | ||
| 005 | 20140828084030.0 | ||
| 008 | 140309s2014||||xxu|||||s|||||000 | eng d | ||
| 040 |
_aPGUSA _beng |
||
| 042 | _adc | ||
| 100 | 1 | _aClarke, Geoffrey | |
| 245 | 1 | 4 |
_aThe Post Office of India and its Story _h[electronic resource] / _cGeoffrey Clarke |
| 260 |
_bProject Gutenberg, _c2014 |
||
| 506 | _aPublic domain in the USA. | ||
| 516 | _aElectronic text | ||
| 830 | 0 |
_aProject Gutenberg _v45092 |
|
| 856 | 4 | 0 | _uhttp://www.gutenberg.org/ebooks/45092 |
| 942 | _cEB | ||
| 999 |
_c274343 _d274343 |
||